岩手県の郡 - Statistics

General Stats
  • This quiz has been taken 14 times
  • The average score is 9 of 10
Answer Stats
郡名 属する町村 % Correct
上閉伊郡 大槌町
100%
下閉伊郡 山田町・岩泉町・田野畑村・普代村
100%
胆沢郡 金ケ崎町
100%
和賀郡 西和賀町
100%
岩手郡 雫石町・葛巻町・岩手町
100%
紫波郡 紫波町・矢巾町
93%
二戸郡 一戸町
86%
九戸郡 軽米町・野田村・九戸村・洋野町
86%
気仙郡 住田町
79%
西磐井郡 平泉町
79%
No matching quizzes found
Score Distribution
Percent of People with Each Score
Percentile by Number Answered
Your Score History
You have not taken this quiz